[Event "EU-ch 3rd"]
[Site "Batumi"]
[Date "2002.06.22"]
[Round "10"]
[White "Riazantsev, Alexander"]
[Black "Cheparinov, Ivan"]
[Result "1-0"]
[WhiteElo "2527"]
[BlackElo "2457"]
[Annotator "Stohl,I"]
[PlyCount "110"]
[EventDate "2002.06.12"]
[EventType "swiss"]
[EventRounds "13"]
[EventCountry "GEO"]
[SourceTitle "CBM 090"]
[Source "ChessBase"]
[SourceDate "2002.09.20"]
[SourceVersion "1"]
[SourceVersionDate "2002.09.20"]
[SourceQuality "1"]

1. d4 Nf6 2. c4 e6 3. Nf3 c5 4. d5 exd5 5. cxd5 d6 6. Nc3 g6 7. Bf4 Bg7 (7...
a6 $142) 8. Qa4+ Bd7 9. Qb3 b5 $5 {[%mdl 512] A sharp sacrificial attempt to
create favourable complications. This gambit has been known for some 15 years
now.} (9... Qc7 10. e4 O-O 11. Nd2 $1 $14 {leads to a line, considered
favourable for White.}) 10. Bxd6 $1 (10. Nxb5 $143 $6 Bxb5 11. Qxb5+ Nbd7 12.
Bxd6 Ne4 13. Be5 O-O 14. Bxg7 Kxg7 15. Qa4 Rb8 $1 16. Qxe4 Qa5+ 17. Nd2 Rxb2
18. Rd1 Nf6 19. Qc4 Rfb8 $44 {has also been tested in practice, the verdict
is- only White risks losing.}) ({White must take one of the offered pawns:} 10.
a4 $6 b4 11. Nb5 Bxb5 12. axb5 O-O 13. e3 Qe7 14. Be2 (14. Nd2 Nh5 $36) 14...
Nbd7 15. Nd2 Nb6 16. Bf3 Nfd7 17. O-O f5 18. h3 g5 19. Bh2 Be5 20. e4 g4 $1 $40
{Velitshko,J-Notkin,M/Smolensk/1992/}) 10... Qb6 11. Be5 (11. Bg3 O-O 12. e3 b4
13. Nd1 Bb5 14. Bc4 Nbd7 15. O-O Qa6 16. Bxb5 Qxb5 17. Nc3 Qa5 18. Ne2 Nb6 19.
a3 Nfxd5 20. e4 Nf6 21. axb4 Qxb4 22. Qxb4 cxb4 23. Bd6 Rfe8 $15 {Gelpke,
P-Winants,L/Rotterdam/1990/}) 11... O-O 12. e3 c4 13. Qd1 Na6 $6 ({The text is
the main move, but the only way to create problems for White seems to be} 13...
b4 $142 $5 14. Nb1 Bb5 (14... Rc8 15. Nbd2 c3 16. bxc3 bxc3 17. Nc4 $16) 15.
Nbd2 (15. a4 $5 Ba6 16. Nbd2 {/\} c3 17. bxc3 Nxd5 18. Bxg7 Kxg7 19. cxb4 Nxb4
(19... Nxe3 20. fxe3 Qxe3+ 21. Be2 Re8 22. b5 $18) 20. Qb3 $5 Bxf1 21. Kxf1 $14
) 15... c3 $1 (15... Rc8 $2 16. Rc1 Nbd7 (16... c3 17. bxc3 Bxf1 18. Kxf1 bxc3
19. Bxc3 Qb5+ 20. Kg1 Qxd5 21. Bxf6 Rxc1 22. Qxc1 Bxf6 23. g3 $16 {Yrjola,
J-Winants,L/Dubai olm/1986/}) 17. Bxc4 Nxe5 18. Nxe5 Bxc4 19. Ndxc4 Qa6 20. O-O
Re8 21. Nc6 Re4 22. Qb3 {1-0,Yakovich,Y-Zelcic,R/Belgorod/1991/}) 16. bxc3 Nxd5
17. Bxg7 Kxg7 18. c4 (18. cxb4 Nxe3 $5 19. fxe3 Qxe3+ 20. Be2 Re8 21. Ng1 Nc6
$36) 18... Nc3 19. Qc2 Re8 20. Bd3 Ba4 21. Nb3 Nd7 22. O-O Nc5 23. Rfe1 Rad8
$14 {/<=>~~, Campos Lopez,M-Bellon Lopez,J/Barcelona/1988/}) (13... Rd8 14. a3
Na6 15. Be2 Nc5 16. Qd4 Bf5 17. O-O Nb3 (17... Rac8 {Timman,J-Winants,L/
Brussels/1986/} 18. Rad1 $1 $16) 18. Qxb6 axb6 19. Rad1 Bc2 20. Nxb5 Bxd1 21.
Rxd1 Rxd5 22. Rxd5 Nxd5 23. Bxc4 Rc8 24. Nd6 $36) 14. Be2 ({Even more testing
and dangerous for Black is} 14. a4 $142 $1 b4 15. Nb5 Bxb5 (15... Rfc8 16. Nd6
Rc5 17. Nxc4 Qd8 18. Ncd2 Nc7 19. d6 Ncd5 20. Nb3 Nxe3 21. fxe3 Rd5 22. Nbd4
Qe8 23. Bb5 Bxb5 24. axb5 Rxe5 25. Nxe5 Qxe5 26. Qf3 $18 {Yakovich,Y-Handke,F/
Stockholm/2000/}) 16. axb5 Qxb5 (16... Nc7 17. Bxc4 Nxb5 18. O-O a5 19. Bxb5
Qxb5 20. Qd4 Rfd8 21. e4 $18 {Volzhin,A-Kekelidze,M/Graz/1999/}) 17. Qd4 Qb6
18. Qxb6 axb6 19. Bxc4 b5 20. Bxb5 Nc7 21. Ba4 Ncxd5 22. Ke2 $16 {/+-,Volzhin,
A-Van Blitterswijk,S/Lausanne/2000/}) 14... b4 $146 (14... Nc5 15. O-O Rfd8 16.
Qd4 Rac8 17. d6 Ne6 18. Qh4 b4 19. Bxf6 bxc3 20. bxc3 Bxf6 21. Qxf6 Qxd6 22.
Rfd1 Qf8 23. Ne5 $18 {Santos,C-Hauchard,A/Porto/2000/}) (14... Rac8 15. a3 Nc5
16. Qd4 Qd8 17. Rd1 a5 18. Nd2 (18. O-O $142 $14) 18... Re8 19. O-O Rxe5 $1 20.
Qxe5 Nh5 21. Qd6 Bf8 22. Qe5 Bg7 23. Qd6 Bf8 $11 {1/2,Peric,S-Arkhipov,S/
Kecskemet/1990/}) (14... Rfe8 15. O-O Rad8 16. Qd4 b4 17. Nb1 Bg4 18. Nbd2 Rxd5
19. Qxb6 axb6 20. Bxc4 Bxf3 21. Nxf3 Ra5 22. Bd4 $18 {Kinsman,A-Hardicsay,P/
Cappelle la Grande/1991/}) 15. Nb1 Rac8 16. O-O Rfd8 (16... Bf5 17. Nbd2 c3 18.
Nc4 $16) 17. Nbd2 Bb5 18. Bd4 (18. e4 c3 19. bxc3 bxc3 20. Rb1 $5 Bxe2 (20...
c2 21. Rxb5 cxd1=Q 22. Rxd1 $40) 21. Qxe2 Nb4 22. Nc4 (22. a3 Qa6 $1 23. Qxa6
Nxa6 $11) 22... Qb5 23. Bxc3 Qxc4 24. Qxc4 Rxc4 25. Bxb4 Rxe4 $14 {<=>}) (18.
a4 bxa3 19. Rxa3 $36 {is similar to the game.}) 18... Qb7 19. a4 bxa3 $8 (19...
Be8 20. Bxc4 Nxd5 21. Bxg7 Kxg7 22. Qe2 $16) 20. Rxa3 Nxd5 (20... Rxd5 21. Qa1
$16 {[%cal Rb2b3] /\b3}) 21. Bxg7 Kxg7 22. Qa1 $16 {[%csl Ra7,Rc4,Rg7] Black
has managed to regain his P, but both his >> and << are weakened and White is
clearly better.} Kg8 (22... Ndb4 23. Rc3 $16 (23. b3+ c3 24. Bc4 $16)) 23. Nd4
Ndb4 24. N2f3 {White is in no hurry, he wants to gain material at a more
suitable moment, without allowing simplification.} (24. Rc1 c3 (24... Nd3 25.
Rcc3 $1 $16) 25. bxc3 (25. Bxb5 cxd2 26. Rd1 Nb8 (26... Rxd4 27. Bxa6 Nxa6 28.
exd4 $18) 27. Bd3 $5 Nxd3 28. Rxd3 Nc6 $14 {/+/-}) 25... Bxe2 26. cxb4 Nxb4 (
26... Qxb4 27. Rxc8 Rxc8 28. Ne4 $40 {+-}) 27. Rb1 a5 $1 28. Rxa5 Bd3 29. Rc1 (
29. Rb2 Qc7) 29... Nc2 $14 {/+/-}) (24. b3 Rxd4 $1 (24... c3 25. Bxb5 cxd2 26.
Rd1 $16) 25. Qxd4 Nc2 26. Qb2 Nxa3 27. bxc4 Nxc4 28. Nxc4 Qb8 $5 $14) 24... Rd5
(24... Rc7 25. b3 $1 $16) 25. Rc1 (25. b3 $5 c3 {Otherwise Black loses a pawn
without compensation.} 26. Bxb5 Rxb5 27. Nxb5 Qxb5 28. Nd4 Qb6 (28... Qd3 29.
Rd1 Qd2 30. Kf1 $1 $18) 29. Rc1 c2 30. Ra5 $16) 25... Rdc5 26. Rcc3 $1 (26. b3
$143 cxb3 27. Rxc5 Rxc5 {/\} 28. Bxb5 $2 Nc2 $17) 26... Bd7 27. Nd2 Bb5 28. Bf3
(28. b3 cxb3 29. Nxb5 $5 (29. Rxc5 Nxc5 30. Bxb5 Nc2 31. Nxc2 bxc2 $11) 29...
Nc2 (29... Rxc3 30. Nxc3 Nc2 31. Bxa6 $18) 30. Qb2 Rxc3 (30... Nxa3 31. Rxc5
Rxc5 32. Nxa3 $16) 31. Nd6 Nxa3 $5 32. Nxb7 Rc2 33. Qxb3 Rxd2 34. Bf1 Nc4 $1
$132 {/\} 35. Bxc4 Rxc4 36. Qxc4 Rd1+ 37. Qf1 Rxf1+ 38. Kxf1 Nb4 $11) (28. Ra5
$1 $16 {[%cal Rd4b5,Rc3a3] /\Nb5,Rca3 was the safest way to gain material and
retain the tension.}) 28... Qb6 29. Ne4 (29. Ra5 {-31.Ra5}) 29... Re5 (29...
R5c7 $2 30. Nxb5 Qxb5 31. Nd6 $18) 30. Nd2 Rec5 31. Ra5 (31. Be2 $5 $16 {
with the intention of transposing into the 28.Ra5! line after} Qb7) 31... Nd5
$5 32. Rxb5 $2 {Premature and throws away White's advantage.} (32. Rca3 $142 $1
) 32... Rxb5 33. Nxb5 Qxb5 34. Bxd5 Qxd5 $132 35. Nf1 (35. Qxa6 Rc6 $8 36. Qxa7
Qxd2 $14 {/=}) 35... Nc5 36. Qa5 a6 37. h3 Qe6 (37... Rb8 38. Rc2 (38. b4 $6
Rb5 $36) 38... Qe4 $11) 38. Rc2 Ne4 $5 (38... Nd3 $142 39. Nd2 Nxb2 40. Rxb2 c3
$11) 39. Nd2 Nxd2 40. Rxd2 Rb8 $6 (40... Qc6 41. Qc3 $14) 41. Qc7 Rc8 (41...
Qc8 42. Qe5 $36) 42. Qb7 Kg7 43. Rd7 Rc5 (43... Rf8 $14) 44. Rd8 Rb5 45. Qa8
Rxb2 $2 (45... Kh6 $142 $5 {/\} 46. Rg8 Qd6 $132) 46. Rg8+ Kf6 (46... Kh6 47.
Qf8+ Kg5 48. Qd8+ f6 49. Qc7 $18) 47. Qd8+ Qe7 (47... Kf5 48. g4+ Ke4 49. Kg2
$1 $18) 48. Qd4+ Qe5 49. Qh4+ Kf5 $2 (49... g5 50. Qxh7 Ke7 51. Ra8 $40) (49...
Qg5 50. Qxh7 {-game} (50. Qxc4 $16 {[%csl Rf6] עf6})) 50. Qg4+ $2 (50. e4+ $1
Qxe4 51. g4+ Ke5 (51... Kf4 52. Qf6+) 52. Qe7+ Kd4 53. Rd8+ $18) 50... Kf6 51.
Qh4+ Qg5 52. Qxh7 $40 (52. Qxc4 $16) 52... Rb1+ (52... Ke7 53. Qh8 $16) (52...
Rb7 53. Ra8 $5 (53. Qg7+ Ke6 54. Re8+ Re7 55. Ra8 Qb5 56. Qd4 $40) 53... Qb5
54. Qh4+ Ke6 55. Rc8 $40) 53. Kh2 Qe5+ $2 (53... Rb7 $142) 54. f4 $18 Qa1 (
54... Qb5 55. Qh8+ Ke7 56. Rd8 Qc6 57. Qf8+ Ke6 (57... Kf6 58. Rd6+) 58. Re8+
Kf6 59. Qh8+ Kf5 60. g4#) 55. Qg7+ Kf5 (55... Ke6 56. Re8+ Kd6 57. Qf8+ Kc6 58.
Rc8+ $18) (55... Ke7 56. Qf8+ Ke6 57. Qc8+ Kd6 58. Rd8+ $18) (55... Kf5 56.
Qxf7+ Ke4 57. Qxc4+ Kxe3 58. Re8+ Kd2 59. Re2+ Kd1 60. Qc2#) 1-0

[Event "URS-chT Republics 19th Group1"]
[Site "Azov"]
[Date "1991.??.??"]
[Round "?"]
[White "Petrosian, Arshak B"]
[Black "Guseinov, Aidyn"]
[Result "0-1"]
[WhiteElo "2505"]
[BlackElo "2375"]
[Annotator "Stohl,I"]
[PlyCount "100"]
[EventDate "1991.??.??"]
[EventType "team-tourn"]
[EventRounds "5"]
[EventCountry "URS"]
[SourceTitle "EXT 2020"]
[Source "ChessBase"]
[SourceDate "2019.10.17"]
[SourceVersion "1"]
[SourceVersionDate "2019.10.17"]
[SourceQuality "1"]
[WhiteTeam "Armenia"]
[BlackTeam "Azerbaijan"]
[WhiteTeamCountry "ARM"]
[BlackTeamCountry "AZE"]

1. d4 Nf6 2. c4 e6 3. Nf3 c5 4. d5 exd5 5. cxd5 d6 6. Nc3 g6 7. Bf4 a6 (7...
Bg7 8. Nd2 $5 (8. Qa4+ Bd7 9. Qb3 b5 10. Bxd6 Qb6 11. Be5 O-O 12. e3 c4 13. Qd1
Na6 $5 (13... b4 $2 14. Nb1 Bb5 15. Nbd2 Rc8 16. Rc1 Nbd7 17. Bxc4 Nxe5 18.
Nxe5 Bxc4 19. Ndxc4 Qa6 20. O-O $18 {Yakovich,Y-Zelcic,R,Belgorod 1991}) 14. a3
Nc5 15. Qd4 Bf5 16. Rd1 Bc2 17. Rd2 Bf5 $146 {Van der Sterren,P-Winants,L,
Budel zt 1987-CBM 03}) 8... Nh5 $6 (8... O-O 9. Nc4 {-A61}) 9. Qa4+ Kf8 $8 (
9... Bd7 10. Qe4+ Qe7 11. Bxd6 $18) 10. Be3 a6 11. Qb3 b5 12. a4 f5 13. g4 $1
c4 14. Qb4 f4 15. Bc5 $1 $36 {Petrosian,A-Psakhis,L,Erevan 1988-CBM 08}) 8. Nd2
$6 (8. a4 Qe7 $5 (8... Bg7 9. e4 O-O 10. Be2 Bg4 11. O-O Re8 {-A75}) 9. g3 Nbd7
10. h3 Rb8 11. a5 Bg7 12. Bg2 O-O 13. O-O Nh5 14. Bg5 f6 15. Bd2 f5 16. Qc1 Ne5
17. Nxe5 Qxe5 18. f4 Qe7 19. Kh2 $13 {Roeder,M-Gavrikov,V,Wien op 1990-CBM 21})
(8. e4 b5 9. Nd2 $6 (9. e5 $13) 9... Bg7 10. Be2 O-O 11. O-O Ne8 $1 12. Bg3 f5
13. exf5 Bxf5 14. Bg4 Nd7 15. Bxf5 gxf5 $15 {Safin,S-Gelfand,B,URS-chTJ
Kramatorsk 1989}) 8... b5 9. a4 Nh5 (9... b4 10. Nce4 Nh5 11. Bg5 f6 12. Be3 f5
13. g4 fxg4 14. Nc4 Bf5 15. Bg5 Qc7 16. Qd2 Kf7 17. Bg2 Nd7 18. Ng3 h6 19. Bf4
Ndf6 20. Nxf5 gxf5 $13 {Lputian,S-Wahls,M,Altensteig 1989-CBM 14}) 10. Be3 b4
$1 (10... f5 $6 11. g4 $1 fxg4 12. axb5 $16) 11. Nce4 Nd7 $1 {N} (11... f5 $5
12. Bg5 (12. g4 $1 $8 {-Lputian-Wahls}) 12... Be7 13. Bxe7 Qxe7 14. Ng3 Nf6 $17
) 12. Nc4 (12. g3 Nb6 13. Nb3 Bg7 $36) 12... Ndf6 13. Nxf6+ (13. Bg5 h6 $15)
13... Nxf6 {/\Bb7><d5} 14. g3 $8 a5 $1 15. Bg2 Ba6 16. Qc2 (16. Rc1 Bg7 17. Bf4
Bxc4 18. Rxc4 O-O 19. O-O Qe7 $15 {/\Nd7-b6}) 16... Bg7 17. Bf4 Bxc4 18. Qxc4
O-O 19. Rd1 $6 (19. O-O $142 Re8 (19... Nd7 20. Bxd6 Nb6 21. Qxc5 Rc8 22. Bxf8
Rxc5 23. Bxc5 $13) 20. Rad1 (20. b3 $6 Nh5 $17) 20... Nd7 $15) 19... Nd7 20. b3
(20. Qc2 Nb6 $36) 20... Bc3+ 21. Kf1 Be5 $36 22. Bc1 (22. Bh6 Re8 23. Qc2 Nb6
$17) 22... Nb6 23. Qb5 (23. Qc2 c4 24. bxc4 Rc8 $17) 23... Qc7 {ףb5,/\c4} 24.
Be3 (24. Qc6 Qa7 25. f4 Rfc8 $17) 24... Rfb8 {/\Nd5} 25. Qc6 $8 (25. Qd3 c4 26.
Bxb6 Rxb6 27. Qxc4 Qxc4 28. bxc4 b3 $19 {/\Rb4-a4-+}) 25... Qd8 {/\Nc8,Rb6} 26.
Bh3 Ra7 27. f4 Bc3 (27... Rc7 $6 28. fxe5 Rxc6 29. dxc6 $132) 28. Bf2 Na8 $1
$19 {/\f5,Rb6} 29. e4 f5 30. Bxc5 $8 (30. exf5 Rb6 $19) 30... dxc5 31. exf5 Qc8
32. Qe6+ Qxe6 33. fxe6 Bd4 34. d6 Ra6 $1 35. d7 $8 Kf8 36. Kg2 Ke7 37. Rhe1 Nc7
38. Re4 Rbb6 39. Rde1 Rd6 40. Kf3 Rac6 {/\c4} 41. f5 $8 Bf6 $1 (41... c4 $2 42.
Rxd4 Rxd4 43. f6+ Kxf6 44. e7 $18) 42. g4 (42. R1e3 Nd5 43. Rd3 c4 $1 44. Rxc4
Rxc4 45. bxc4 Nc3 $19) 42... Rd3+ 43. R1e3 Rxe3+ 44. Rxe3 c4 45. bxc4 Rxc4 46.
Bf1 Rc3 {/\Nd5-+} 47. Rxc3 bxc3 48. Bd3 (48. Ke2 Nd5 49. Kd1 Nb4 $19) 48...
gxf5 49. gxf5 (49. Bxf5 h6 {/\Ne6}) 49... Nd5 50. Be4 (50. Ke2 Nb4 51. Be4 c2
$19) 50... Nb4 {/\c2 [Stohl]} 0-1

[Event "FRA-ch60 Championnat"]
[Site "Clermont Ferrand"]
[Date "1985.08.19"]
[Round "3"]
[White "Andruet, Gilles"]
[Black "Seret, Jean Luc"]
[Result "0-1"]
[WhiteElo "2395"]
[BlackElo "2455"]
[Annotator "Villeneuve,A/Primel,D"]
[PlyCount "62"]
[EventDate "1985.08.17"]
[EventType "swiss"]
[EventRounds "13"]
[EventCountry "FRA"]
[SourceTitle "EXT 2004"]
[Source "ChessBase"]
[SourceDate "2003.11.25"]
[SourceVersion "1"]
[SourceVersionDate "2003.11.25"]
[SourceQuality "1"]

1. d4 Nf6 2. c4 c5 3. d5 e6 {Une petite surprise car J.L SERET a trés peu joué
la défense Benoni et il voulait peut-être surprendre son adversaire qui était
un candidat sérieux au titre.} 4. Nc3 exd5 5. cxd5 d6 6. Nf3 g6 7. Nd2 $1 (7.
e4 {7.e4 est la grande ligne mais Nd2 doit être plus précis car les noirs sont
privés de la manoeuvre Bg4 et après l'échange en "f3" les noirs égalisent
assez vite.} Bg7 8. Be2 a6 $5 (8... O-O 9. O-O Re8 (9... Bg4)) 9. a4 Bg4 $132 {
Andruet,G (2395)-De Firmian,N (2475) Gausdal Young Men 1982 (4) 1/2}) 7... Bg7
8. Nc4 O-O 9. Bg5 {[%cal Gg5d8]} (9. Bf4 {[%csl Rd6]} Ne8 10. Qd2 b6 11. e3 Ba6
12. a4 Bxc4 13. Bxc4 a6 14. O-O Nd7) 9... h6 10. Bf4 {[%csl Rh6][%cal Gd1d2,
Gd1c1]} Ne8 (10... b6 $5 {Dans l'informateur 25 Cvetkovic avait analysé cette
idée de sacrifice assez surprenante jouée par Nunn contre Petrossian et il
considérait dans ses analyses que 10. Ne8 était douteux а cause de la variante
jouée par Andruet!} 11. Bxd6 Re8 12. Bg3 Ne4 (12... Nh5 $142 {[%cal Gh5g3]} 13.
e3 Nxg3 (13... Bxc3+ $5 14. bxc3 Nd7 15. Be2 Ndf6 16. d6 Nxg3 17. hxg3 b5 {
[%csl Rc4]} (17... Kg7)) 14. hxg3) 13. Nxe4 Rxe4 14. e3 b5 15. Nd2 (15. Nd6 $5
Rb4 16. Rb1 {[%csl Rb4]} Rxb2 17. Rxb2 Bxb2 18. Qc2 Bf6 19. Nxc8 Qxc8 20. Bxb5
$40) 15... Rb4 16. b3 $1 {[%csl Rb4]} Bxa1 (16... Qxd5 17. Rc1 {[%csl Rb4]})
17. Qxa1 Qxd5 18. a3 Rg4 (18... Rxb3 19. Nxb3 Qxb3 20. Be2 $13 {[%csl Gc5,Ge2,
Gg3] les blancs ont la paire de B et une avance de développement а opposer au
fort P passé "c5"})) 11. Qc1 (11. Qd2 $143 {Ce coup naturel est moins bon а
cause de la menace g5 et f5 profitant de la position exposée du Bf4} g5 12. Bg3
f5 {[%cal Gf5f4]} 13. e3 Bxc3 14. bxc3 b5 $1) 11... g5 12. Bd2 Nd7 $6 $146 ({RR
} 12... Nc7 13. a4 Nba6 14. h4 f6 15. e4 Nb4 16. Be2 Qe7 17. O-O Bd7 18. Re1
Rad8 19. Bf1 Bc8 20. Nb5 Nxb5 21. axb5 gxh4 22. Rxa7 f5 23. e5 dxe5 24. Nxe5
Qd6 25. Nc4 Qg6 26. Ne5 Qd6 27. Bc3 {Portisch,L-Spassky,B/Turin 1982/MCD/0-1 
(74)}) ({RR} 12... f5 $143 13. h4 $1 f4 14. hxg5 hxg5 15. e3 $16 Bf5 16. exf4
Qe7+ 17. Be2 b5 18. Ne3 b4 19. Nxf5 Rxf5 20. Nd1 gxf4 21. Kf1 Nf6 22. Bxf4 Nbd7
23. g3 Nxd5 24. Qc2 Qf7 25. Bg4 Rxf4 26. gxf4 Nxf4 27. Qh7+ {Ftacnik,
L-Podzielny,K/Trnava 1984/MCL/1/2-1/2 (43)}) 13. h4 $1 f6 {[%csl Re6]} 14. e4
Qe7 15. Be2 b5 16. Ne3 {[%csl Rb5,Gf5][%cal Ge3f5]} Ne5 $1 $132 (16... b4 $143
17. Nf5 $36) 17. Bxb5 (17. Nxb5) 17... Rb8 {[%csl Rd3][%cal Gb8b5,Ge5d3,Gd3c1,
Gd3e1]} 18. Be2 (18. Qc2 {[%csl Gd3] empêche la poussée f7f5 intervenue dans
la partie tout en évitant une fourchette éventuelle en "d3"} f5 19. exf5) 18...
f5 19. exf5 Bxf5 $132 20. hxg5 $6 (20. Nxf5 $142 Nd3+ 21. Kf1 Qxe2+ 22. Kxe2
Nxc1+ 23. Raxc1 Rxf5) 20... Nd3+ $1 (20... Qxg5) 21. Bxd3 Bxd3 22. gxh6 Bd4 $44
{[%csl Re1][%cal Gd4f2,Gf8f2]} 23. f3 {Une position étonnante:Andruet est
quasiment en zugzwang} (23. Rh3 $5 Kh7) (23. b3 Qf6 {[%csl Rf2]} 24. f3 Nc7)
23... Nf6 24. Kd1 Rfe8 {[%csl Re3]} 25. Re1 Qh7 26. Nc2 Qg6 27. Ne3 Re5 28. a4
Rbe8 29. Ra3 Qxh6 30. Ne4 Bxe4 31. Ng4 Bxf3+ {[%mdl 2560] JL SERET prend la
tête du tournoi avec ce gain contre un candidat sérieux au titre.} 0-1

[Event "Stara Zagora zt-B"]
[Site "Stara Zagora"]
[Date "1990.??.??"]
[Round "12"]
[White "Inkiov, Ventzislav"]
[Black "Palkovi, Jozsef"]
[Result "1-0"]
[WhiteElo "2510"]
[BlackElo "2440"]
[Annotator "Wahls,M"]
[PlyCount "119"]
[EventDate "1990.02.??"]
[EventType "tourn"]
[EventRounds "13"]
[EventCountry "BUL"]
[EventCategory "10"]
[SourceTitle "CBM 017"]
[Source "ChessBase"]
[SourceDate "1990.08.01"]
[SourceVersion "1"]
[SourceVersionDate "1990.08.01"]
[SourceQuality "1"]

1. d4 Nf6 2. c4 e6 3. Nf3 c5 4. d5 exd5 5. cxd5 d6 6. Nc3 g6 7. Nd2 Bg7 8. Nc4
O-O 9. Bg5 Qe7 10. e3 Nbd7 11. Be2 Ne5 12. Nd2 h6 13. Bh4 g5 14. Bg3 Nh7 $6 (
14... Ne8 $5 {Auch so hätte Schwarz den f-Bauern entfesseln können, aber
gleichzeitig den wunden Punkt d6 gedeckt.}) 15. O-O f5 16. f4 Nd3 17. Bxd3
Qxe3+ 18. Kh1 Qxd3 19. fxg5 hxg5 20. Bxd6 Re8 21. Qh5 Bd7 22. Nf3 Bf6 23. Qg6+
Kh8 24. Qf7 Be6 25. Qg6 Bd7 26. Rfe1 Rg8 27. Qh6 Qa6 28. Be5 Raf8 29. h4 gxh4
30. Qxh4 Rg4 31. Qh5 Bxe5 32. Nxe5 Be8 33. Qh2 Rg5 34. Re3 Rh5 35. Rh3 Rxh3 36.
Qxh3 Rf6 37. Kg1 c4 38. Qe3 b5 39. Nxc4 bxc4 40. Qxe8+ Kg7 41. Qe7+ Kg8 42.
Qd8+ Rf8 43. Qc7 f4 44. d6 f3 45. Rf1 Ng5 46. Rf2 Qc8 47. Qxc8 Rxc8 48. Kf1 Kf7
49. gxf3 Ke6 50. Nb5 a6 51. Re2+ Kd5 52. Rd2+ Ke6 53. d7 Rd8 54. Nc7+ Ke7 55.
Kf2 Rf8 56. d8=Q+ Rxd8 57. Rxd8 Kxd8 58. Nxa6 Kd7 59. Nc5+ Kc6 60. Ne4 1-0

[Event "Biel"]
[Site "Biel"]
[Date "1990.??.??"]
[Round "7"]
[White "Karpov, Anatoly"]
[Black "De Firmian, Nick E"]
[Result "1-0"]
[WhiteElo "2730"]
[BlackElo "2560"]
[Annotator "Wahls,M"]
[PlyCount "85"]
[EventDate "1990.07.??"]
[EventType "tourn"]
[EventRounds "14"]
[EventCountry "SUI"]
[EventCategory "14"]
[SourceTitle "CBM 019"]
[Source "ChessBase"]
[SourceDate "1990.12.01"]
[SourceVersion "1"]
[SourceVersionDate "1990.12.01"]
[SourceQuality "1"]

1. d4 Nf6 2. c4 e6 3. Nf3 c5 4. d5 exd5 5. cxd5 d6 6. Nc3 g6 7. h3 {Strebt h3/
Ld3-Variante an.7.e4 Lg4!?.} a6 (7... Qe7 $2 8. e4 $1) 8. a4 Qe7 $5 9. Bg5 (9.
Bf4 {Tschernin-Wahls,Dortmund 90}) 9... Nbd7 10. e3 $1 (10. e4 {Xf4}) 10... Bg7
11. Be2 O-O 12. O-O h6 13. Bh4 Ne5 14. Nd2 g5 15. Bg3 Re8 16. Re1 Rb8 17. a5
Bf5 18. e4 Bg6 19. Ra4 Nfd7 20. Qc2 Rbc8 21. b3 Qf8 22. Nf1 {Die weiße
Auffangstellung am Damenflügel und die Drohung Se3 veranlassen den Schwarzen
zu einer Stellungsöffnung, die sich schließlich gegen ihn wenden wird.} f5 23.
exf5 Bxf5 24. Qd2 Nf6 25. Ne3 Bg6 26. f4 Nf7 27. Bf2 gxf4 28. Rxf4 Qe7 29. Nf5
Bxf5 30. Rxf5 Qc7 31. Qf4 Nh7 32. Ne4 Ne5 33. Rf1 Rf8 34. Be1 b5 35. axb6 Qxb6
36. Kh1 Kh8 37. Qg3 Rxf5 38. Rxf5 Rg8 39. Qe3 a5 40. Bg3 Rb8 41. Nxd6 Qxd6 42.
Rxe5 Qf8 43. Re6 1-0